[Event "Mayors Cup Open"]
[Site "Mumbai IND"]
[Date "2008.05.19"]
[Round "11"]
[White "Gokhale,C"]
[Black "Nimmy,A"]
[Result "1-0"]
[WhiteElo "2321"]
[BlackElo "2217"]

1.Nf3 d5 2.g3 Nf6 3.Bg2 c6 4.O-O Bg4 5.c4 Nbd7 6.cxd5 cxd5 7.d4 e6 8.Nc3 Bd6
9.Nb5 Bb8 10.Qb3 Qb6 11.Be3 O-O 12.Rfc1 a6 13.Nc3 Qxb3 14.axb3 Bd6 15.Bf4 Bxf4
16.gxf4 Bxf3 17.Bxf3 g6 18.e3 Rac8 19.Na4 Rfd8 20.b4 Kf8 21.Nc5 Rb8 22.Be2 Ne8
23.Bd3 Nd6 24.f3 Nf5 25.Kf2 Ke7 26.Rc3 Nxc5 27.bxc5 Kd7 28.b4 Ne7 29.b5 axb5
30.Bxb5+ Kc7 31.Rca3 b6 32.Rc1 Ra8 33.cxb6+ Kxb6 34.Rb3 Ra2+ 35.Be2+ Ka5
36.Rc7 Nc8 37.Rb8  1-0

[Event "XXVII Open"]
[Site "Zalakarosi HUN"]
[Date "2008.05.22"]
[Round "1"]
[White "Tompa,J"]
[Black "Straubinger,D"]
[Result "1-0"]
[WhiteElo "2382"]
[BlackElo "2111"]

1.Nf3 d5 2.g3 Nf6 3.Bg2 c6 4.d3 Bg4 5.Nbd2 Nbd7 6.h3 Bh5 7.g4 Bg6 8.Nh4 e5
9.e3 Bd6 10.Qe2 Qc7 11.c4 dxc4 12.dxc4 Nc5 13.Nxg6 hxg6 14.b4 Ne6 15.c5 Be7
16.Rb1 O-O 17.Nc4 b6 18.cxb6 axb6 19.a3 Rac8 20.Bb2 Nd7 21.Rd1 b5 22.Na5 Nb8
23.O-O Bf6 24.Rd2 Rfd8 25.Rxd8+ Rxd8 26.Rc1 Rd6 27.Qc2 Nd8 28.g5  1-0

[Event "17th Open"]
[Site "Chicago USA"]
[Date "2008.05.24"]
[Round "2"]
[White "Van de Mortel,J"]
[Black "Laylo,D"]
[Result "1/2-1/2"]
[WhiteElo "2421"]
[BlackElo "2496"]

1.Nf3 d5 2.g3 Nf6 3.Bg2 c5 4.O-O g6 5.c3 Bg7 6.d3 O-O 7.h3 b6 8.Qa4 h6 9.e4 b5
10.Qa3 c4 11.dxc4 dxe4 12.Nd4 bxc4 13.Nd2 Qc7 14.Nxe4 Nxe4 15.Bxe4 Bb7 16.Nb5 Qd7
17.Bxb7 Qxb7 18.Qa4 Nd7 19.Nd4 Rac8 20.Be3 Nb6 21.Qc2 e5 22.Nb5 Rfd8 23.a4 a6
24.Na3 Nd5 25.Rfe1 f5 26.Rad1  1/2-1/2

[Event "17th Open"]
[Site "Chicago USA"]
[Date "2008.05.24"]
[Round "3"]
[White "Wolf,D"]
[Black "Carroll,W"]
[Result "1-0"]
[WhiteElo "2295"]
[BlackElo "1951"]

1.g3 d5 2.Nf3 Nf6 3.Bg2 c5 4.d4 Nc6 5.O-O cxd4 6.Nxd4 e5 7.Nxc6 bxc6 8.c4 Be6
9.Bg5 Qd7 10.Bxf6 gxf6 11.cxd5 Bxd5 12.Nc3 Bxg2 13.Kxg2 Qxd1 14.Rfxd1 Rd8
15.Rxd8+ Kxd8 16.Rc1 Bh6 17.e3 Kd7 18.b3 Rb8 19.Ne4 Bg7 20.g4 Rb5 21.Kf3 Rb4
22.h4 a5 23.h5 h6 24.Rd1+ Ke7 25.Ng3 Ke6 26.Nf5 Bf8 27.Rd8 Be7 28.Ng7+  1-0

[Event "17th Open"]
[Site "Chicago USA"]
[Date "2008.05.25"]
[Round "4"]
[White "Laylo,D"]
[Black "Paragua,M"]
[Result "1/2-1/2"]
[WhiteElo "2496"]
[BlackElo "2538"]

1.Nf3 d5 2.g3 c6 3.Bg2 Bg4 4.O-O Nd7 5.d4 Ngf6 6.Nbd2 e6 7.b3 Be7 8.Bb2 O-O
9.c4 a5 10.a3 Re8 11.e3 Ne4 12.Qc1 Nxd2 13.Nxd2 Nf6 14.h3 Bf5 15.Re1  1/2-1/2

[Event "17th Open"]
[Site "Chicago USA"]
[Date "2008.05.25"]
[Round "5"]
[White "Stopa,Ja"]
[Black "Tate,E"]
[Result "1-0"]
[WhiteElo "2430"]
[BlackElo "2378"]

1.Nf3 d5 2.g3 Nc6 3.Bg2 e5 4.d3 Bg4 5.c3 f5 6.O-O Qd7 7.b4 Bd6 8.Nfd2 Nf6
9.a3 Ne7 10.c4 c6 11.Re1 f4 12.Nc3 fxg3 13.hxg3 Bh3 14.cxd5 Bxg2 15.Kxg2 cxd5
16.Qa4 Nc6 17.e4 d4 18.Nd5 O-O 19.Qb3 Kh8 20.f3 Nxd5 21.Qxd5 Ne7 22.Qb3 Rf6
23.Bb2 g5 24.Rh1 a5 25.bxa5 Rxa5 26.Rh5 Rb5 27.Qa2 h6 28.Rah1 Kg7 29.Nc4 Ng8
30.Bc1 Rg6 31.Bd2 Be7 32.a4 Rc5 33.a5 Ra6 34.Qb3 Rac6 35.Qa4 Qe6 36.Rb1 Qg6
37.Rhh1 g4 38.Rxb7 gxf3+ 39.Kf2 Rxc4 40.dxc4 Qxe4 41.Re1 Qd3 42.Qd1 e4 43.Bf4 Qxd1
44.Rxd1 Kf8 45.Ra1 Nf6 46.a6 Ng4+ 47.Ke1 f2+ 48.Kf1 e3 49.a7 Re6 50.a8=Q+ Kg7
51.Rb2 d3 52.Bxe3 Nxe3+ 53.Kxf2 Nxc4 54.Rb7 Re2+ 55.Kg1 d2 56.Rf1 Rg2+ 57.Kxg2 Ne3+  1-0

[Event "17th Open"]
[Site "Chicago USA"]
[Date "2008.05.26"]
[Round "6"]
[White "Wolf,D"]
[Black "Smith,Ga"]
[Result "1/2-1/2"]
[WhiteElo "2295"]
[BlackElo "2161"]

1.Nf3 d5 2.g3 Nc6 3.d4 Bf5 4.Bg2 Nb4 5.Na3 e6 6.c3 Na6 7.Nc2 Be7 8.O-O Nf6
9.Ne5 O-O 10.Ne3 Be4 11.f3 Bg6 12.Nxg6 hxg6 13.Nc2 c6 14.e4 Nc7 15.e5 Nd7
16.f4 c5 17.g4 cxd4 18.cxd4 Nb6 19.f5 gxf5 20.gxf5 exf5 21.Rxf5 g6 22.Rf3 Bg5
23.Ne3 Ne6 24.Ng4 Bxc1 25.Nf6+ Kg7 26.Rxc1 Rh8 27.Rh3 Rxh3 28.Bxh3 Rc8 29.Rc3 Rxc3
30.bxc3 Ng5 31.Qg4 Nxh3+ 32.Qxh3 Qh8 33.Qf3 Qh4 34.Kg2 Qg5+ 35.Ng4 Qd2+ 36.Kg3 Na4
37.Qf6+ Kg8 38.Qd8+ Kg7 39.Qf6+ Kg8 40.c4 Nc3 41.Qd8+  1/2-1/2

[Event "17th Open"]
[Site "Chicago USA"]
[Date "2008.05.26"]
[Round "7"]
[White "Stopa,Ja"]
[Black "Mitkov,N1"]
[Result "0-1"]
[WhiteElo "2430"]
[BlackElo "2528"]

1.Nf3 d5 2.g3 Bg4 3.Bg2 Nd7 4.O-O e6 5.d3 Bd6 6.Nbd2 Ne7 7.e4 c6 8.c4 O-O
9.h3 Bh5 10.Qe2 Re8 11.b3 c5 12.Bb2 Nc6 13.g4 Bg6 14.Rfe1 Nb4 15.Red1 Qc7
16.a3 Nc6 17.Rac1 Bf4 18.Rc2 Qb6 19.cxd5 exd5 20.Qf1 Na5 21.exd5 Nxb3 22.Nc4 Qa6
23.Rc3 Nd4 24.Nxd4 cxd4 25.Rc2 Qa4 26.Re2 b5 27.d6 bxc4 28.Bxa8 Rxa8 29.dxc4  0-1

[Event "TCh-FRA Top 16 Poule Haute"]
[Site "Evry FRA"]
[Date "2008.05.30"]
[Round "9"]
[White "Leconte,M"]
[Black "Steil Antoni,F"]
[Result "1-0"]
[WhiteElo "2336"]
[BlackElo "2125"]

1.Nf3 d5 2.g3 Nf6 3.Bg2 c6 4.d3 h6 5.O-O Bf5 6.Nbd2 e6 7.Qe1 Bh7 8.e4 dxe4
9.dxe4 Bc5 10.e5 Nd5 11.Ne4 Be7 12.Qe2 O-O 13.c4 Bxe4 14.Qxe4 Nb6 15.Bd2 N8d7
16.Rfd1 Qc7 17.b4 Rfd8 18.h4 Nf8 19.Bf1 Rd7 20.Bd3 Rad8 21.Bc2 f5 22.exf6 Bxf6
23.Rab1 Nc8 24.Kg2 Nd6 25.Qg4 Nf7 26.Bf4 e5 27.Be3 b6 28.Nd2 Be7 29.c5 bxc5
30.Bb3 cxb4 31.Bxh6 g6 32.Bxf8 Bxf8 33.Qxg6+ Bg7 34.Ne4 Rxd1 35.Rxd1 Rxd1
36.Bxd1 Kf8 37.Bb3 Nh6 38.Ng5  1-0

[Event "TCh-ISR"]
[Site "Israel ISR"]
[Date "2008.05.30"]
[Round "11"]
[White "Bitansky,I"]
[Black "Kreizberg,M"]
[Result "1/2-1/2"]
[WhiteElo "2424"]
[BlackElo "2275"]

1.Nf3 d5 2.g3 Nf6 3.Bg2 c6 4.O-O Bg4 5.d3 Nbd7 6.Nbd2 e6 7.h3 Bh5 8.e4 Qc7
9.Qe2 dxe4 10.dxe4 e5 11.b3 Be7 12.Bb2 O-O 13.Nc4 Bxf3 14.Qxf3 b5 15.Ne3 Rfe8
16.Rad1 Bf8 17.Ng4 a5 18.Qf5 Re6 19.f4 Nxg4 20.Qxg4 Rae8 21.f5 Rd6 22.Kh2 Rd8
23.Qe2 Be7  1/2-1/2

[Event "Mitropa Cup m"]
[Site "Olbia ITA"]
[Date "2008.05.31"]
[Round "6"]
[White "Garcia Palermo,C"]
[Black "Zilka,S"]
[Result "1-0"]
[WhiteElo "2465"]
[BlackElo "2472"]

1.Nf3 d5 2.g3 c6 3.Bg2 Bg4 4.O-O Nd7 5.d3 e6 6.c4 Bd6 7.Be3 Ne7 8.Nc3 O-O
9.cxd5 cxd5 10.Nb5 Bb8 11.Rc1 Nf5 12.Bd2 a6 13.Nc3 Ba7 14.Bf4 Rc8 15.Qd2 Bxf3
16.Bxf3 d4 17.Ne4 e5 18.Rxc8 Qxc8 19.Bg4 exf4 20.Bxf5 f3 21.Nf6+ Nxf6 22.Bxc8  1-0

[Event "Mitropa Cup w"]
[Site "Olbia ITA"]
[Date "2008.06.02"]
[Round "9"]
[White "Toth,Sar"]
[Black "Zimina,O"]
[Result "0-1"]
[WhiteElo "2163"]
[BlackElo "2363"]

1.Nf3 d5 2.g3 Bg4 3.Bg2 Nd7 4.c4 e6 5.O-O c6 6.b3 Bd6 7.Bb2 Ngf6 8.d3 O-O
9.Nc3 Qe7 10.Qc2 e5 11.e4 dxc4 12.dxc4 Bxf3 13.Bxf3 Ba3 14.Rfd1 Rfe8 15.Bg2 Nf8
16.Bxa3 Qxa3 17.Bh3 h6 18.Rd2 N8h7 19.Rad1 Ng5 20.Bg2 Ne6 21.Ne2 Qc5 22.Qc3 a5
23.Nc1 Ng5 24.Qc2 Qe7 25.Ne2 a4 26.h4 axb3 27.axb3 Ne6 28.Bh3 Nc5 29.Nc3 Ra3
30.Rb1 Rea8 31.Rdd1 g6 32.Rb2 Kg7 33.b4 Rxc3 34.Qxc3 Na4 35.Qa3 Nxb2 36.Qxb2 Ra4
37.c5 Nxe4 38.Rd7 Qf6 39.Rxb7 Ra1+ 40.Kg2 Rd1 41.Rd7 Rb1 42.Qa2 Rxb4 43.Be6 Nc3
44.Qa3 Qxe6 45.Qxb4 Qxd7 46.Qxc3 Qd5+ 47.Kg1 Qd4 48.Qc1 h5 49.Qc2 Kf6 50.Kh2 e4
51.Kg2 Ke6 52.Qb3+ Qd5 53.Qe3 Qd3 54.Qg5 Qf3+ 55.Kg1 Qf5 56.Qe3 Kd5 57.Qc1 Qf3
58.Qg5+ Kc4 59.Qc1+ Kb5 60.Qg5 Qd1+ 61.Kg2 Kc4 62.Qe7 Qf3+ 63.Kg1 e3 64.fxe3 Qxg3+
65.Kf1 Qf3+ 66.Ke1 Kd3 67.Qd6+ Kxe3 68.Qd2+ Ke4 69.Qc2+ Kf4 70.Qd2+ Qe3+  0-1

[Event "ch-CHN w"]
[Site "Beijing CHN"]
[Date "2008.06.03"]
[Round "6"]
[White "Wang Xiaohui"]
[Black "Shen Yang"]
[Result "0-1"]
[WhiteElo "2211"]
[BlackElo "2439"]

1.Nf3 d5 2.g3 c5 3.Bg2 Nc6 4.d4 Nf6 5.O-O e6 6.b3 Bd7 7.Bb2 cxd4 8.Nxd4 Bc5
9.e3 O-O 10.Nd2 Rc8 11.c4 Nxd4 12.exd4 Bb4 13.Nf3 dxc4 14.bxc4 Bc6 15.Qb3 Qa5
16.a3 Be7 17.Rfe1 Rfe8 18.Rac1 h6 19.Re5 Qa6 20.Bf1 Qb6 21.Qxb6 axb6 22.Re3 Nd7
23.d5 Ba4 24.dxe6 fxe6 25.Rxe6 Bc5 26.Rxe8+ Rxe8 27.Bd4 Bc6 28.Bxc5 bxc5
29.Bg2 Nb6 30.Nh4 Ra8 31.Rc3 Kf7 32.Nf5 Kf6 33.Ne3 Ke5 34.Rb3 Ra6 35.Bh3 Be4
36.Bf1 Na4 37.f4+ Kd4 38.Kf2 Rb6 39.Rxb6 Nxb6 40.g4 Bd3 41.Bg2 Nxc4 42.Nxc4 Kxc4
43.Bxb7 Kb3 44.Ke3 c4 45.Bd5 Kxa3 46.g5 hxg5 47.fxg5 c3 48.Kxd3 Kb2  0-1

[Event "Mitropa Cup m"]
[Site "Olbia ITA"]
[Date "2008.06.03"]
[Round "9"]
[White "Raeber,M"]
[Black "Doric,D"]
[Result "1/2-1/2"]
[WhiteElo "2247"]
[BlackElo "2448"]

1.Nf3 d5 2.g3 Bg4 3.Bg2 e6 4.c4 c6 5.O-O Nd7 6.b3 Ngf6 7.Bb2 Bd6 8.d3 O-O
9.Nbd2 Qe7 10.Qc2 e5 11.h3 Be6 12.Ng5 Bf5 13.e4 dxe4 14.dxe4 Bg6 15.Ngf3 Ba3
16.Bxa3 Qxa3 17.Rac1 Qc5 18.Ne1 Rfd8 19.Qc3 Nf8 20.Nc2 a5 21.Rfe1 Ne6 22.a3 Nd4
23.b4 axb4 24.axb4 Qe7 25.Nxd4  1/2-1/2

[Event "TCh-BIH"]
[Site "Neum BIH"]
[Date "2008.06.04"]
[Round "1"]
[White "Narancic,V"]
[Black "Pikula,D"]
[Result "0-1"]
[WhiteElo "2359"]
[BlackElo "2530"]

1.Nf3 d5 2.g3 Nf6 3.Bg2 c6 4.d3 h6 5.c3 Nbd7 6.O-O e5 7.Qc2 Bd6 8.e4 O-O
9.Nbd2 Re8 10.Re1 a5 11.Rb1 b6 12.a4 Ba6 13.Bf1 Rc8 14.d4 Bxf1 15.Kxf1 exd4
16.Nxd4 Nc5 17.exd5 Rxe1+ 18.Kxe1 cxd5 19.Nb5 Bf8 20.f3 Qd7 21.Nf1 d4 22.cxd4 Nce4
23.Qd3 Bb4+ 24.Ke2 Nd6 25.Nxd6 Bxd6 26.b3 Bb4 27.Bd2 Qh3 28.Kf2 Bxd2 29.Qxd2 Qf5
30.Qd1 Ne4+ 31.Kg2 Nc3  0-1

[Event "ch-CHN w"]
[Site "Beijing CHN"]
[Date "2008.06.05"]
[Round "8"]
[White "Wang Xiaohui"]
[Black "Wang Yu A"]
[Result "0-1"]
[WhiteElo "2211"]
[BlackElo "2387"]

1.Nf3 d5 2.g3 Nf6 3.Bg2 c6 4.c4 d4 5.b4 e5 6.Nxe5 Bxb4 7.Qb3 a5 8.O-O O-O
9.Bb2 Bc5 10.Nf3 Qd6 11.a4 Na6 12.d3 Re8 13.Qd1 Bg4 14.Nbd2 Bxf3 15.Bxf3 Nc7
16.Nb3 Ne6 17.Nxc5 Nxc5 18.Ba3 Nfd7 19.Rb1 Qc7 20.Qc2 Rad8 21.Rb2 b6 22.Rfb1 Rb8
23.Bg4 Nf6 24.Bf3 Nfd7 25.Bg2 g6 26.Re1 Re6 27.Rbb1 Rbe8 28.Kf1 f5 29.Bc1 Qe5
30.Bf4 Qf6 31.Bc7 Na6 32.Bxb6 Nb4 33.Rxb4 axb4 34.c5 f4 35.Be4 Ne5 36.Kg1 f3
37.Bc7 fxe2 38.Bxe5 Rxe5 39.Rxe2 Kg7 40.Qc4 Rb8 41.Qxd4 b3 42.Rb2 Rxe4 43.Qxf6+ Kxf6
44.dxe4 Ke5 45.Kf1 Kd4 46.Ke2 Kc3 47.Rb1 Kc2 48.Rd1 b2 49.f4 Rb4 50.Rd2+ Kc3
51.Rxb2 Rxb2+ 52.Ke3 Kc4  0-1

[Event "XXX Nezhmetdinov Mem"]
[Site "Kazan RUS"]
[Date "2008.06.05"]
[Round "5"]
[White "Zablotsky,S"]
[Black "Akhmadeev,Vad"]
[Result "1/2-1/2"]
[WhiteElo "2508"]
[BlackElo "2397"]

1.Nf3 d5 2.g3 Nf6 3.Bg2 c6 4.O-O Bf5 5.d3 e6 6.Nfd2 h6 7.e4 Bh7 8.Qe2 Be7
9.Nc3 Na6 10.f4 dxe4 11.dxe4 O-O 12.Kh1 Qc7 13.Nc4 Nd7 14.Be3 Rfd8 15.Rad1 Nb6
16.Ne5 Rxd1 17.Rxd1 Rd8 18.Rxd8+ Bxd8 19.a3 Be7 20.b4 Nb8 21.Qd3 a6 22.Bc5 Bf8
23.Qd4 N8d7 24.h4 Nxc5 25.bxc5 Na8 26.Nd7 Be7 27.Na4 Qd8 28.c4 Nc7 29.e5 a5
30.Qd1 Na6 31.Bf3 Kh8 32.Kh2 Bc2 33.Qxc2 Qxd7 34.Qc3 Qd8 35.Qe3 Qf8 36.Qb3 Nxc5
37.Nxc5 Bxc5 38.Qxb7 Bxa3 39.Bxc6 h5 40.Qa8 Qxa8 41.Bxa8 Bc5  1/2-1/2

[Event "XVI Lasker Mem Open A"]
[Site "Barlinek POL"]
[Date "2008.06.06"]
[Round "7"]
[White "Radovanovic,J"]
[Black "Wisniowska,K"]
[Result "1-0"]
[WhiteElo "2349"]
[BlackElo "1897"]

1.Nf3 d5 2.g3 Nf6 3.c4 c6 4.b3 Bf5 5.Bg2 e6 6.O-O Be7 7.Bb2 O-O 8.d3 h6 9.Nbd2 a5
10.a3 Bh7 11.Qc2 Na6 12.Ne5 Re8 13.Rfc1 Nc5 14.Bc3 b5 15.cxb5 cxb5 16.Qb2 Rc8
17.Bd4 Bf8 18.Rc2 Nfd7 19.Rac1 Nxe5 20.Bxc5 Rxc5 21.Rxc5 Bxc5 22.Rxc5 Qf6
23.Qd4 Rb8 24.f4 Nd7 25.Qxf6 Nxf6 26.Nf3 Nd7 27.Rc7 Nb6 28.Ne5 f6 29.Nc6 Na8
30.Ra7 Re8 31.Rxa5 Bg6 32.Rxb5 Bh5 33.Kf2 Nc7 34.Rb7 Na6 35.b4 Ra8 36.f5 exf5
37.Bxd5+ Kf8 38.Nd4  1-0

[Event "XXX Nezhmetdinov Mem"]
[Site "Kazan RUS"]
[Date "2008.06.06"]
[Round "6"]
[White "Bezgodova,S"]
[Black "Semenova,E"]
[Result "1-0"]
[WhiteElo "2213"]
[BlackElo "2038"]

1.Nf3 d5 2.g3 c5 3.Bg2 Nc6 4.d4 e6 5.O-O Nf6 6.c4 dxc4 7.Na3 cxd4 8.Nxc4 Bd7
9.Bf4 Nd5 10.Nd6+ Bxd6 11.Bxd6 Qb6 12.Qd2 Nde7 13.Rac1 O-O 14.Bc5 Qb5 15.Nxd4 Nxd4
16.Qxd4 Nf5 17.Qc4 Rfd8 18.Qxb5 Bxb5 19.Bxb7 Rab8 20.Bf3 Nd4 21.Bxd4 Rxd4
22.Rfd1 Rxd1+ 23.Rxd1 Kf8 24.Rd4 Be8 25.b3 Ke7 26.Ra4 h6 27.Rc4 Kd6 28.h4 g5
29.e3 Bd7 30.Bh5 f6 31.Be2 Rb6 32.Rd4+ Ke7 33.Kg2 a5 34.Bd1 Rb4 35.hxg5 hxg5
36.Rd2 Rb8 37.f4 Rd8 38.Kg1 Rc8 39.Rc2 Ra8 40.fxg5 fxg5 41.Rc5 Kf6 42.e4 e5
43.Be2 Be8 44.Kf2 Bg6 45.Ke3 Bf7 46.Rc6+ Ke7 47.Ra6 Rxa6 48.Bxa6 Kd6 49.Kd3 Kc5
50.Kc3 Bg6 51.Bb7 Bf7 52.a3 Bg8 53.Bd5 Bh7 54.Kd3 Bg6 55.Bg8 Bh5 56.Bh7 Bd1
57.Kc3 Be2 58.Bg6 Bf1 59.Bf7 Be2 60.Kd2 Bg4 61.Kc3 Be2 62.b4+ axb4+ 63.axb4+ Kb5
64.Be8+ Kb6 65.Kd2 Bf3 66.Kd3 Bg2 67.Ke3 Bh3 68.Kf3 Be6 69.Bg6 g4+ 70.Ke3 Bb3
71.Kd2 Kb5 72.Kc3 Bd1 73.Be8+  1-0

[Event "XXX Nezhmetdinov Mem"]
[Site "Kazan RUS"]
[Date "2008.06.07"]
[Round "7"]
[White "Zablotsky,S"]
[Black "Skomorokhin,R"]
[Result "1/2-1/2"]
[WhiteElo "2508"]
[BlackElo "2378"]

1.Nf3 d5 2.g3 Bg4 3.Bg2 Nd7 4.c4 e6 5.Qb3 Nc5 6.Qe3 Nf6 7.d4 Ncd7 8.Ne5 c6
9.Nxg4 Nxg4 10.Qb3 Qb6 11.O-O Be7 12.Nc3 O-O 13.cxd5 exd5 14.Qd1 Ngf6 15.Rb1 a5
16.a3 Rfe8 17.Qd3 Bd6 18.Bd2 a4 19.Rfe1 Qb3 20.Bf3 Qb6  1/2-1/2

[Event "TCh-BIH"]
[Site "Neum BIH"]
[Date "2008.06.07"]
[Round "4"]
[White "Batinic,P"]
[Black "Dizdarevic,E"]
[Result "1/2-1/2"]
[WhiteElo "2263"]
[BlackElo "2505"]

1.Nf3 d5 2.g3 g6 3.Bg2 Bg7 4.d4 c6 5.O-O Nf6 6.c4 O-O 7.cxd5 cxd5 8.Ne5 b6
9.Nc3 Bb7 10.Bf4 Nc6 11.Rc1 Rc8 12.Qa4 a6 13.Nxc6 Rxc6 14.Qb3 e6 15.h4 Nd7
16.e4 dxe4 17.Nxe4 Rxc1 18.Rxc1 Qa8 19.Qe3 Bd5 20.Rc7 Nf6 21.Nxf6+ Bxf6 22.Bxd5 Qxd5
23.Be5 Bxe5 24.dxe5 Qxa2 25.Qxb6 Qb1+ 26.Kh2 Qf5 27.Qd4 h5 28.Ra7 Kg7 29.Rxa6 Rd8
30.Rd6 Rb8 31.Rc6 Rb4 32.Qxb4 Qxf2+  1/2-1/2

[Event "58th ch-RUS w HL"]
[Site "Chelyabinsk RUS"]
[Date "2008.06.08"]
[Round "5"]
[White "Kovalevskaya,E"]
[Black "Malgina Sterliagova,T"]
[Result "1-0"]
[WhiteElo "2421"]
[BlackElo "2352"]

1.Nf3 d5 2.g3 Nf6 3.Bg2 c6 4.O-O Bf5 5.d3 h6 6.b3 e6 7.Bb2 Bc5 8.Nbd2 O-O
9.Qe1 Qe7 10.e4 dxe4 11.dxe4 Bh7 12.a3 a5 13.e5 Nd5 14.c4 Nb6 15.Ne4 N8d7
16.Qe2 Rfd8 17.Rfd1 Bxe4 18.Qxe4 Nf8 19.Rxd8 Rxd8 20.Bf1 Nbd7 21.Qe1 Ra8
22.Bd3 Nb8 23.Bc2 Qd8 24.Kg2 Qb6 25.Rd1 Be7 26.h4 Na6 27.Ra1 Nc5 28.Bd4 Qc7
29.Qe3 b6 30.Bb2 b5 31.Nd2 Nfd7 32.Bd4 bxc4 33.Nxc4 Rb8 34.Rc1 Na6 35.Bc3 Rb5
36.Qd3 Nf8 37.Nd6 Bxd6 38.exd6 Qb7 39.Qf3 Rd5 40.Be4 Rxd6 41.Bxa5 Nb8 42.Bb4 Rd8
43.Bxc6 Nxc6 44.Qxc6 Qa7 45.Bc5 Qb8 46.Bxf8 Rxf8 47.b4 Qa7 48.a4 Ra8 49.a5 Rb8
50.Rc4 Rd8 51.Rc2 Rd4 52.Rb2 Qe7 53.a6 Rd6 54.a7  1-0

[Event "XXX Nezhmetdinov Mem"]
[Site "Kazan RUS"]
[Date "2008.06.08"]
[Round "8"]
[White "Bezgodova,S"]
[Black "Jusupov,T"]
[Result "1-0"]
[WhiteElo "2213"]
[BlackElo "2092"]

1.Nf3 d5 2.g3 c5 3.Bg2 Nc6 4.d4 Nf6 5.O-O cxd4 6.Nxd4 g6 7.c4 Bg7 8.Nc3 Nxd4
9.Qxd4 dxc4 10.Qxd8+ Kxd8 11.Rd1+ Nd7 12.Be3 e6 13.Rd2 Ke7 14.Rad1 Bxc3 15.bxc3 Nb6
16.Bc5+ Kf6 17.f4 Re8 18.Bd4+ Ke7 19.e4 f6 20.a4 Kf7 21.a5 Nd7 22.e5 f5 23.a6 Re7
24.axb7 Bxb7 25.Bxb7 Rb8 26.Ba6 Nb6 27.Bc5  1-0

[Event "TCh-BIH"]
[Site "Neum BIH"]
[Date "2008.06.09"]
[Round "6"]
[White "Narancic,V"]
[Black "Leventic,I"]
[Result "0-1"]
[WhiteElo "2359"]
[BlackElo "2509"]

1.Nf3 d5 2.g3 c5 3.Bg2 g6 4.O-O Bg7 5.d3 Nc6 6.c3 Nf6 7.Nbd2 O-O 8.e4 e5
9.a4 h6 10.Re1 Re8 11.exd5 Nxd5 12.Nc4 Bf5 13.a5 Qd7 14.Qc2 Nc7 15.Bf1 Rad8
16.Re3 Nd5 17.Re1 b5 18.axb6 axb6 19.Qb3 Rb8 20.Ra6 b5 21.Na5 Ncb4 22.cxb4 Nxb4
23.g4 Bxd3 24.Nxe5 Bxe5 25.Bxd3 Qxg4+ 26.Kh1 Qf3+ 27.Kg1 Nxa6  0-1

[Event "TCh-BIH"]
[Site "Neum BIH"]
[Date "2008.06.09"]
[Round "6"]
[White "Vukic,M"]
[Black "Gyimesi,Z"]
[Result "1/2-1/2"]
[WhiteElo "2474"]
[BlackElo "2600"]

1.Nf3 d5 2.g3 c6 3.Bg2 Bg4 4.O-O Nd7 5.d4 e6 6.Nbd2 Ngf6 7.Re1 Be7 8.e4 O-O
9.c3 Bh5 10.Qb3 Qb6 11.exd5 cxd5 12.Qxb6 axb6 13.Bf1 Rfd8 14.Nh4 Ne8 15.Ng2 Bd6
16.Nb3 Bg6 17.Bf4 Nb8 18.Nc1 Nc6 19.Bd3 Na5 20.Bxg6 hxg6 21.Nd3 Be7 22.h4 Nc4
23.a3 Rac8 24.Ne3 b5  1/2-1/2

[Event "FSGM June"]
[Site "Budapest HUN"]
[Date "2008.06.11"]
[Round "5"]
[White "Paschall,W"]
[Black "Liu Qingnan"]
[Result "0-1"]
[WhiteElo "2330"]
[BlackElo "2344"]

1.g3 d5 2.Nf3 Nf6 3.Bg2 c5 4.O-O Nc6 5.d4 Bg4 6.Ne5 cxd4 7.Nxg4 Nxg4 8.c3 dxc3
9.Nxc3 d4 10.e3 Nxh2 11.Qa4 Qd7 12.Rd1 Ng4 13.exd4 f5 14.Bf4 h6 15.Nb5 Rc8
16.Nc7+ Rxc7 17.Bxc7 Qxc7 18.d5 Qa5 19.dxc6 Qxa4 20.c7 Qc2 21.Rd8+ Kf7 22.c8=Q Qxf2+
23.Kh1 Ne3 24.Qxb7 h5 25.Bd5+ Kf6 26.Qc6+ Kg5 27.Rg1 h4 28.g4 Nxg4 29.Qc1+ Qf4
30.Qxf4+ Kxf4 31.Be6 g6 32.Bf7 Kg5 33.b4 e5 34.b5 Bg7 35.Rxh8 Bxh8 36.a4 e4
37.a5 Bd4 38.Rb1 h3 39.b6 axb6 40.axb6 Be5 41.b7 Bb8 42.Bd5 Kh4 43.Rb3 Nf2+  0-1

[Event "TCh-BIH"]
[Site "Neum BIH"]
[Date "2008.06.11"]
[Round "8"]
[White "Batinic,P"]
[Black "Galic,I"]
[Result "0-1"]
[WhiteElo "2263"]
[BlackElo "2271"]

1.Nf3 d5 2.g3 c6 3.Bg2 Nf6 4.O-O Bg4 5.b3 Nbd7 6.c4 Bxf3 7.exf3 dxc4 8.bxc4 Nb6
9.c5 Qd4 10.cxb6 Qxa1 11.Nc3 Nd5 12.Nxd5 cxd5 13.Qa4+ Kd8 14.Bh3 e6 15.d4 Qc3
16.Bf4 Qc4 17.Bc7+ Ke7 18.Qa3+ Kd7 19.Qe3 axb6 20.Rc1 Ra3 21.Qd2 Rd3 22.Qf4 Rxf3
23.Rxc4 Rxf4 24.Ra4 Rf3 25.Bxb6 Ra3 26.Bf1 Kc6  0-1

[Event "IM"]
[Site "Danang VIE"]
[Date "2008.06.14"]
[Round "6"]
[White "Wynn Zaw Htun"]
[Black "Elorta,D"]
[Result "0-1"]
[WhiteElo "2542"]
[BlackElo "2409"]

1.Nf3 d5 2.g3 Nf6 3.Bg2 Bg4 4.d3 c6 5.Nbd2 Nbd7 6.h3 Bh5 7.O-O e5 8.e4 dxe4
9.dxe4 Bc5 10.Qe2 O-O 11.a4 Qc7 12.c3 a5 13.Nc4 Rfe8 14.Re1 Rad8 15.Qc2 Nf8
16.Be3 N6d7 17.Rad1 f6 18.Bxc5 Nxc5 19.Rd2 Bf7 20.Bf1 Rxd2 21.Ncxd2 Rd8 22.Nc4 g6
23.Kh2 Kg7 24.Rc1 b5 25.axb5 cxb5 26.Na3 Bb3 27.Qe2 Nd3 28.Ra1 Qc5 29.Qd2 Qxf2+
30.Qxf2 Nxf2 31.Nxb5 Nxe4 32.Rxa5 Nd2 33.Ra7+ Kh6 34.Bg2 Nxf3+ 35.Bxf3 Rd2+
36.Kg1 Ne6 37.h4 f5 38.Re7 e4 39.Bg2 g5 40.hxg5+ Kxg5 41.Bh3 e3 42.Nd4 Rd1+
43.Kh2 Rxd4  0-1

[Event "FSIM June"]
[Site "Budapest HUN"]
[Date "2008.06.15"]
[Round "9"]
[White "Chapman,T"]
[Black "Rabeyrin,J"]
[Result "1-0"]
[WhiteElo "2263"]
[BlackElo "2303"]

1.Nf3 d5 2.g3 Nf6 3.Bg2 c6 4.O-O Bg4 5.h3 Bh5 6.b3 e6 7.Bb2 Be7 8.d3 O-O
9.Nbd2 a5 10.a3 b5 11.e4 dxe4 12.dxe4 Qb6 13.Qe1 Na6 14.Ne5 Rfd8 15.Kh1 Nd7
16.g4 Nxe5 17.Bxe5 Bg6 18.f4 f6 19.Bb2 Ra7 20.Nf3 Rad7 21.f5 exf5 22.gxf5 Bh5
23.e5 c5 24.Rg1 Nc7 25.e6 Rd5 26.Qe4 Be8 27.Nh4 Bc6 28.Bf3 Ne8 29.Raf1 R8d6
30.Qg4 Qb7 31.Qh5 Rd8 32.Qf7+ Kh8 33.Bxf6  1-0

[Event "Serbia Cup"]
[Site "Zlatibor SRB"]
[Date "2008.06.20"]
[Round "5"]
[White "Arsovic,Z"]
[Black "Certic,B"]
[Result "1/2-1/2"]
[WhiteElo "2490"]
[BlackElo "2376"]

1.Nf3 d5 2.g3 Nc6 3.d4 e6 4.Bg2 Nge7 5.O-O g6 6.c3 Bg7 7.Nbd2 O-O 8.e4 f6
9.b4 a6 10.Qb3 Bd7 11.Bb2 a5 12.a3 Be8 13.c4 Bf7 14.b5 a4 15.Qc2 Na5 16.Rfe1 Qd7
17.Bc3 dxc4 18.Bxa5 Rxa5 19.Nxc4 Rxb5 20.Qxa4 Rd8 21.Qc2 Nc6 22.Rad1 Qc8  1/2-1/2

[Event "Marshall NY Int"]
[Site "New York USA"]
[Date "2008.06.21"]
[Round "1"]
[White "Jacobs,Jon"]
[Black "Paragua,M"]
[Result "0-1"]
[WhiteElo "2292"]
[BlackElo "2538"]

1.Nf3 d5 2.g3 c6 3.Bg2 Bg4 4.O-O Nd7 5.d4 e6 6.Bf4 Ngf6 7.Nbd2 Qb6 8.c4 Bxf3
9.Nxf3 dxc4 10.Qc2 Nd5 11.Bd2 Qa6 12.Rfc1 b5 13.b3 Ba3 14.bxc4 Bxc1 15.cxd5 Bxd2
16.dxc6 Nb6 17.Nxd2 O-O 18.Rb1 Rac8 19.Qb3 Nd5 20.e4 Nc7 21.d5 Rfd8 22.Nf1 Qb6
23.Ne3 Qc5 24.h4 a5 25.h5 h6 26.Qd1 a4 27.Rc1 Qa3 28.Rc2 Ne8 29.Bf1 Qb4 30.Qd3 Nc7
31.Rd2 Qd6 32.Qd4 f6 33.Rd3 Na6 34.Qa7 Nb4 35.dxe6 Nxd3 36.Qf7+ Kh8 37.Nf5 Qf8
38.Qxf8+ Rxf8 39.Bxd3 Rxc6 40.e7 Rb8 41.Bxb5 Re6 42.Bxa4 Rxe4 43.Bc6 Re5
44.g4 Rb1+ 45.Kg2 Rbe1 46.Kg3 Kg8 47.Kf4 Rxf5+ 48.Kxf5 Re5+ 49.Kf4 Rxe7 50.Bd5+ Kf8
51.Bc4 Re5 52.Bb3 Ke7 53.Bc4 Kd6 54.Bb3 Kc5 55.Bf7 Kd4 56.Bb3 f5 57.gxf5 Re4+
58.Kg3 Ke5 59.Be6 Rb4 60.Bd7 Rd4 61.Be6 Rd1 62.Kg2 Kf4 63.Bb3 Rc1 64.Be6 Kg5
65.Bf7 Kxf5 66.Kg3 Rc3+ 67.f3 Kg5 68.Be8 Ra3 69.Bf7 Ra4 70.Kf2 Ra7  0-1

[Event "White Nights Open"]
[Site "St Petersburg RUS"]
[Date "2008.06.21"]
[Round "1"]
[White "Feofanov,D"]
[Black "Gugnin,R"]
[Result "0-1"]
[WhiteElo "2380"]
[BlackElo "2032"]

1.Nf3 d5 2.g3 g6 3.Bg2 Bg7 4.O-O e5 5.d3 Ne7 6.e4 dxe4 7.dxe4 Qxd1 8.Rxd1 O-O
9.Nc3 Nbc6 10.Nb5 Bg4 11.c3 Rac8 12.h3 Be6 13.Ng5 Bc4 14.Na3 Be2 15.Rd2 Ba6
16.b4 b5 17.Bf1 h6 18.Nf3 f5 19.Nxb5 fxe4 20.Nh4 e3 21.Bc4+ Kh8 22.Rc2 g5
23.Ng2 exf2+ 24.Rxf2 e4 25.Ne3 Ne5 26.Be2 Bxb5 27.Bxb5 Nf3+ 28.Kg2 Ne1+ 29.Kf1 Rxf2+
30.Kxf2 Bxc3 31.Rb1 Rf8+ 32.Ke2 Nf3 33.Nc2 c6 34.Ba4 Nd4+ 35.Nxd4 Bxd4 36.Be3 Bxe3
37.Kxe3 Rf3+ 38.Kxe4 Rxg3 39.Rd1 Kg7 40.Rd7 Kf8 41.Ke5 Rxh3 42.Rxa7 g4 43.Bd1 h5
44.a4 Rh1 45.Rd7 Re1+ 46.Kf4 Nd5+ 47.Rxd5 cxd5 48.Bc2 Ke7 49.a5 Kd6 50.a6 Kc6
51.Bg6 Kb6 52.Bxh5 Re4+ 53.Kf5 Kxa6  0-1

[Event "White Nights Open"]
[Site "St Petersburg RUS"]
[Date "2008.06.22"]
[Round "2"]
[White "Eidelson,R"]
[Black "Zykova,Ant"]
[Result "1-0"]
[WhiteElo "2163"]
[BlackElo "2017"]

1.Nf3 d5 2.g3 Nf6 3.Bg2 c5 4.O-O Nc6 5.d4 e6 6.c4 Be7 7.dxc5 Bxc5 8.Nc3 d4
9.Na4 Be7 10.Bf4 O-O 11.a3 Nh5 12.b4 Nxf4 13.gxf4 Bf6 14.Rc1 Rb8 15.Nc5 g6
16.Nd3 Bg7 17.Qd2 Qc7 18.Rfd1 Rd8 19.b5 Ne7 20.Qb4 f6 21.c5 a5 22.Qc4 Nf5
23.Bh3 Kh8 24.Bxf5 gxf5 25.Nxd4 e5 26.Ne6 Bxe6 27.Qxe6 e4 28.b6 Qc8 29.Qxc8 Rbxc8
30.Nb2 Rxd1+ 31.Rxd1 Bf8 32.Na4 Bxc5 33.Nxc5 Rxc5 34.Rd7 Rb5 35.Rxb7 a4 36.Kg2 Rb3
37.e3 Kg8 38.Kg3 Rb2 39.h3 Rb1 40.Kh4 Kh8 41.Kh5 Kg8 42.h4 Rb2 43.Kh6 Rb3
44.Rg7+ Kf8 45.b7 Rb1 46.Rc7  1-0